| 000 | 00382nam a2200157 i 4500 | ||
|---|---|---|---|
| 001 | bg | ||
| 100 | 1 | _aJAROSIŃSKA, Ewa. | |
| 245 | 1 | 0 |
_aUndine. Lorelei. Lohengrin / _cEwa Jarosińska. |
| 260 |
_aWarszawa, _c1975. |
||
| 490 | 1 | _aLies Noch Was Heute | |
| 830 | _aLies Noch Was Heute | ||
| 040 | _cBPK | ||
| 041 | _apol | ||
| 942 | _cKS | ||
| 008 | s pl f |000 0 pol | ||
| 999 |
_c7722 _d7722 |
||
| 856 |
_uhttp://koha.tu.koszalin.pl/cgi-bin/koha/opac-detail.pl?biblionumber=7722 _yKatalog online BPK |
||